[Event "SV Unser Fritz 1 - SV Günnigfeld 1"]
[Site "Verbandsliga - Gruppe 2 2021/"]
[Date "2022.05.29"]
[Round "5.6"]
[White "Koch, Till"]
[Black "Bender, Markus"]
[Result "0-1"]
[WhiteElo "1812"]
[BlackElo "1820"]
[PlyCount "128"]
[EventDate "2022.??.??"]
[WhiteTeam "SV Unser Fritz 1"]
[BlackTeam "SV Günnigfeld 1"]

1. e4 c5 2. c3 Nc6 3. Nf3 d5 4. exd5 Qxd5 5. d4 Bg4 6. Be2 Nf6 7. O-O e6 8. Na3
cxd4 9. Nb5 O-O-O 10. cxd4 Bxf3 11. gxf3 a6 12. Nc3 Qxd4 13. Qc2 Bd6 14. Ne4
Bc7 15. Be3 Qe5 16. Ng3 Nd5 17. Qe4 f5 18. Qxe5 Bxe5 19. Bc1 g5 20. Rb1 Bf4 21.
Nh5 Bxc1 22. Rbxc1 Kb8 23. Rfd1 Rhg8 24. Bxa6 g4 25. f4 Rg6 26. Bc4 Nce7 27.
Re1 Rd6 28. Rcd1 Kc7 29. Rd2 Nb6 30. Rxd6 Kxd6 31. Bb3 Ned5 32. Rd1 Ke7 33. Rd4
Rg8 34. Ng3 Rc8 35. Bxd5 Nxd5 36. Nxf5+ Kf6 37. Ne3 Rc1+ 38. Rd1 Rxd1+ 39. Nxd1
Nxf4 40. Ne3 h5 41. a4 Ke5 42. Nc4+ Kd4 43. b3 Kc5 44. f3 gxf3 45. Kf2 Nd3+ 46.
Kxf3 Nc1 47. Ke4 Nxb3 48. Nb2 Kd6 49. Nc4+ Ke7 50. Ke5 Nc5 51. a5 Nd3+ 52. Ke4
Nb4 53. Kf4 Nc6 54. Kg5 e5 55. Kxh5 Ke6 56. Kg4 Kd5 57. Nb6+ Kd4 58. h4 e4 59.
h5 e3 60. Kf3 Kd3 61. h6 Ne5+ 62. Kg2 e2 63. h7 e1=Q 64. h8=Q Qe2+ 0-1

[Event "SV Unser Fritz 1 - SV Günnigfeld 1"]
[Site "Verbandsliga - Gruppe 2 2021/"]
[Date "2022.05.29"]
[Round "5.7"]
[White "Bauer, Matthias"]
[Black "Prang, Andreas"]
[Result "1/2-1/2"]
[WhiteElo "1696"]
[BlackElo "1772"]
[PlyCount "50"]
[EventDate "2022.??.??"]
[WhiteTeam "SV Günnigfeld 1"]
[BlackTeam "SV Unser Fritz 1"]

1. Nf3 c5 2. c4 Nc6 3. g3 e5 4. Nc3 g6 5. Bg2 Bg7 6. O-O Nge7 7. d3 d6 8. Bd2
O-O 9. Qc1 a6 10. Bh6 Rb8 11. Bxg7 Kxg7 12. h4 b5 13. Nd5 Nxd5 14. cxd5 Ne7 15.
e4 Ng8 16. Ng5 f6 17. Nh3 Rb7 18. f4 h6 19. fxe5 fxe5 20. Qd2 Nf6 21. Rf2 Ng4
22. Rxf8 Qxf8 23. Rf1 Rf7 24. Rxf7+ Qxf7 25. Nf2 Qxf2+ 1/2-1/2

[Event "SV Unser Fritz 1 - SV Günnigfeld 1"]
[Site "Verbandsliga - Gruppe 2 2021/"]
[Date "2022.05.29"]
[Round "5.8"]
[White "Goessling, Juergen"]
[Black "Brandhoff, Gerd"]
[Result "1-0"]
[WhiteElo "1709"]
[BlackElo "1663"]
[PlyCount "53"]
[EventDate "2022.??.??"]
[WhiteTeam "SV Unser Fritz 1"]
[BlackTeam "SV Günnigfeld 1"]

1. e4 e5 2. Nf3 Nc6 3. d4 exd4 4. Bc4 h6 5. O-O Nge7 6. c3 d6 7. Qb3 Be6 8.
Bxe6 fxe6 9. Qxe6 dxc3 10. Nxc3 Qd7 11. Qb3 O-O-O 12. Be3 a6 13. Rac1 g5 14.
Nd5 Bg7 15. Bb6 Rdf8 16. Bxc7 Nxd5 17. exd5 Kxc7 18. dxc6 bxc6 19. Qa3 Kb7 20.
Rfd1 d5 21. Rd3 Ra8 22. Rb3+ Kc7 23. Qa5+ Kd6 24. Rb6 Rhc8 25. Re1 Qd8 26. Qb4+
Kd7 27. Rb7+ 1-0

[Event "SK Sodingen/Castrop 2 - SV Ahlen 1"]
[Site "Verbandsliga - Gruppe 2 2021/"]
[Date "2022.05.29"]
[Round "5.1"]
[White "Huckebrink, Chris"]
[Black "Haberhausen, Ansgar"]
[Result "1-0"]
[WhiteElo "2063"]
[BlackElo "1994"]
[PlyCount "35"]
[EventDate "2022.??.??"]
[WhiteTeam "SV Ahlen 1"]
[BlackTeam "SK Sodingen/Castrop 2"]

1. e4 c6 2. d4 d5 3. e5 Bf5 4. h4 h6 5. g4 Bg6 6. h5 Bh7 7. e6 fxe6 8. Bd3 Nf6
9. Bxh7 Rxh7 10. Qd3 Na6 11. Nf3 Qa5+ 12. Bd2 Qb6 13. Qg6+ Kd7 14. Ne5+ Kc7 15.
Bc3 Rc8 16. Nd2 Rh8 17. Nb3 Kb8 18. Ba5 1-0

[Event "SK Sodingen/Castrop 2 - SV Ahlen 1"]
[Site "Verbandsliga - Gruppe 2 2021/"]
[Date "2022.05.29"]
[Round "5.2"]
[White "Zwielich, Frank"]
[Black "Torres-Kuckel, Rafael"]
[Result "1/2-1/2"]
[WhiteElo "1952"]
[BlackElo "2058"]
[Annotator "daniel"]
[PlyCount "51"]
[EventDate "2022.??.??"]
[WhiteTeam "SK Sodingen/Castrop 2"]
[BlackTeam "SV Ahlen 1"]

1. d4 f5 2. g3 g6 3. Bg2 Nf6 4. Nf3 Bg7 5. O-O O-O 6. Nbd2 d6 7. b3 h6 8. Bb2
c6 9. Re1 Qe8 10. e4 fxe4 11. Nxe4 Nxe4 12. Rxe4 Bf5 13. Re3 Qf7 14. Qe2 Bf6
15. h3 $11 Na6 16. c4 Nb4 17. Ne1 Qg7 18. a3 Na6 19. Rd1 Rae8 20. f4 Nc7 21.
Nf3 Bd7 22. Rd2 Qf7 23. Kh2 Bg7 24. Bc3 Be6 25. a4 Bd7 26. Bb4 1/2-1/2

[Event "SK Sodingen/Castrop 2 - SV Ahlen 1"]
[Site "Verbandsliga - Gruppe 2 2021/"]
[Date "2022.05.29"]
[Round "5.3"]
[White "Steinle, Carsten"]
[Black "Schriewer, Thomas"]
[Result "1-0"]
[WhiteElo "2104"]
[BlackElo "1865"]
[PlyCount "79"]
[EventDate "2022.??.??"]
[WhiteTeam "SV Ahlen 1"]
[BlackTeam "SK Sodingen/Castrop 2"]

1. e4 c5 2. Nf3 Nc6 3. b3 e6 4. Bb2 Nf6 5. e5 Nd5 6. Nc3 Nxc3 7. Bxc3 Be7 8. g3
b6 9. Bg2 Bb7 10. d3 f6 11. O-O Qc7 12. exf6 Bxf6 13. Bxf6 gxf6 14. d4 Ne7 15.
Re1 O-O-O 16. c4 Rde8 17. dxc5 Qxc5 18. Qd2 Ng6 19. b4 Qh5 20. Qe3 Ne7 21. Rad1
Rhg8 22. Qd3 Rd8 23. Nd4 Bxg2 24. Kxg2 Kb8 25. Nb5 Nc8 26. Rc1 Qg6 27. Qe3 a6
28. Nc3 Rge8 29. a4 d6 30. Ra1 Rd7 31. a5 Rb7 32. b5 axb5 33. a6 Rc7 34. Nxb5
Rxc4 35. Nxd6 Rc5 36. Nxc8 Rexc8 37. a7+ Kb7 38. Qf3+ Rd5 39. Rxe6 Qf5 40. Rxf6
1-0

[Event "SK Sodingen/Castrop 2 - SV Ahlen 1"]
[Site "Verbandsliga - Gruppe 2 2021/"]
[Date "2022.05.29"]
[Round "5.6"]
[White "Lucke, Thomas"]
[Black "Starp, Klaus"]
[Result "1/2-1/2"]
[WhiteElo "1882"]
[BlackElo "1912"]
[PlyCount "25"]
[EventDate "2022.??.??"]
[WhiteTeam "SK Sodingen/Castrop 2"]
[BlackTeam "SV Ahlen 1"]

1. d4 Nf6 2. Nf3 c5 3. c4 e6 4. g3 cxd4 5. Nxd4 Nc6 6. Nb5 Bb4+ 7. N5c3 O-O 8.
Bg2 d5 9. cxd5 Nxd5 10. O-O Nxc3 11. Nxc3 e5 12. Qa4 Qa5 13. Qxa5 1/2-1/2

[Event "SK Sodingen/Castrop 2 - SV Ahlen 1"]
[Site "Verbandsliga - Gruppe 2 2021/"]
[Date "2022.05.29"]
[Round "5.8"]
[White "Zygan, Michael"]
[Black "Dreesbach, Harald"]
[Result "1-0"]
[WhiteElo "1726"]
[BlackElo "1802"]
[PlyCount "79"]
[EventDate "2022.??.??"]
[WhiteTeam "SK Sodingen/Castrop 2"]
[BlackTeam "SV Ahlen 1"]

1. d4 Nf6 2. c4 g6 3. Nc3 Bg7 4. e4 d6 5. Nf3 c6 6. Be2 O-O 7. O-O Nbd7 8. Bf4
Qc7 9. Rc1 e5 10. Bg3 Nh5 11. Bh4 Ndf6 12. d5 c5 13. Ne1 Nf4 14. f3 N6h5 15.
Nd3 Qd7 16. Bf2 Bh6 17. Rb1 a6 18. b4 cxb4 19. Rxb4 Qe7 20. Nxf4 Nxf4 21. Kh1
f5 22. Rb6 Rf6 23. c5 Qc7 24. c6 Nxe2 25. Qxe2 Rf7 26. Rfb1 bxc6 27. dxc6 fxe4
28. fxe4 Be6 29. Nd5 Qc8 30. Qb2 Bf8 31. Be3 Bxd5 32. exd5 Qf5 33. Rb7 e4 34.
Rxf7 Qxf7 35. Qb7 Qe8 36. c7 Qc8 37. Qb8 Kf7 38. Qxa8 Qxa8 39. Rb8 Qxd5 40.
c8=Q 1-0

[Event "SC Hansa Dortmund 2 - Weiße Dame Borbec"]
[Site "Verbandsliga - Gruppe 2 2021/"]
[Date "2022.05.29"]
[Round "5.1"]
[White "Loyen, Egbert"]
[Black "Linker, Walter"]
[Result "1-0"]
[WhiteElo "2175"]
[BlackElo "1997"]
[Annotator "daniel"]
[PlyCount "41"]
[EventDate "2022.??.??"]
[WhiteTeam "Weiße Dame Borbeck 1"]
[BlackTeam "SC Hansa Dortmund 2"]

1. Nf3 f5 2. d3 d6 3. e4 e5 4. Nc3 Nf6 5. exf5 Bxf5 6. d4 e4 7. Nh4 Qd7 8. Nxf5
Qxf5 9. Be2 Be7 10. O-O O-O 11. f3 exf3 12. Bxf3 Qc8 13. Qe2 Bd8 14. Bg5 c6 15.
Qc4+ Kh8 16. Rae1 Nbd7 17. Qe6 d5 18. Qh3 Bb6 $11 19. Qh4 Qc7 20. Re7 Rae8 21.
Bxf6 1-0

[Event "SC Hansa Dortmund 2 - Weiße Dame Borbec"]
[Site "Verbandsliga - Gruppe 2 2021/"]
[Date "2022.05.29"]
[Round "5.2"]
[White "Hillebrand, Carsten"]
[Black "Klasmeier, Jens"]
[Result "1/2-1/2"]
[WhiteElo "1955"]
[BlackElo "2047"]
[PlyCount "37"]
[EventDate "2022.??.??"]
[WhiteTeam "SC Hansa Dortmund 2"]
[BlackTeam "Weiße Dame Borbeck 1"]

1. d4 d5 2. Nf3 c6 3. g3 e6 4. Bg2 Nf6 5. O-O Be7 6. c4 dxc4 7. Ne5 Nbd7 8.
Nxc4 O-O 9. Nc3 Nd5 10. e4 Nxc3 11. bxc3 b5 12. Ne3 Bb7 13. f4 Qb6 14. Kh1 Rad8
15. e5 c5 16. d5 exd5 17. Nxd5 Bxd5 18. Qxd5 c4 19. Qc6 1/2-1/2

[Event "SC Hansa Dortmund 2 - Weiße Dame Borbec"]
[Site "Verbandsliga - Gruppe 2 2021/"]
[Date "2022.05.29"]
[Round "5.3"]
[White "Korste, Sebastian"]
[Black "Zhang, Jingfu"]
[Result "1-0"]
[WhiteElo "2006"]
[BlackElo "1626"]
[PlyCount "85"]
[EventDate "2022.??.??"]
[WhiteTeam "Weiße Dame Borbeck 1"]
[BlackTeam "SC Hansa Dortmund 2"]

1. d4 Nf6 2. c4 g6 3. Nc3 Bg7 4. e4 d6 5. h3 O-O 6. Be3 c6 7. Nf3 Qc7 8. Be2
Re8 9. Qc2 e5 10. d5 Na6 11. a3 cxd5 12. cxd5 Nc5 13. Rc1 a5 14. Nb5 Qe7 15.
Nxd6 Qxd6 16. Bxc5 Qd8 17. Be3 Bd7 18. O-O Nh5 19. Rfd1 f5 20. exf5 gxf5 21.
Bg5 Qb6 22. Be3 Qd8 23. Qc7 f4 24. Qxd8 Rexd8 25. Bb6 Re8 26. Ng5 Nf6 27. Rc7
h6 28. Ne6 Bxe6 29. dxe6 Rxe6 30. Bc4 Rae8 31. Rxb7 Kh8 32. Bxe6 Rxe6 33. Rd8+
Kh7 34. Bxa5 e4 35. Bc3 Kg6 36. Rg8 Nxg8 37. Rxg7+ Kf5 38. Rxg8 e3 39. fxe3
fxe3 40. Rf8+ Ke4 41. Kf1 Kd3 42. Rd8+ Kc2 43. Ke2 1-0

[Event "SC Hansa Dortmund 2 - Weiße Dame Borbec"]
[Site "Verbandsliga - Gruppe 2 2021/"]
[Date "2022.05.29"]
[Round "5.4"]
[White "Schrimpl, Michael"]
[Black "Poetter, Clemens"]
[Result "0-1"]
[WhiteElo "1422"]
[BlackElo "1976"]
[Annotator "daniel"]
[PlyCount "94"]
[EventDate "2022.??.??"]
[WhiteTeam "SC Hansa Dortmund 2"]
[BlackTeam "Weiße Dame Borbeck 1"]

1. c4 c6 2. Nc3 d5 3. d4 Nf6 4. e3 a6 5. c5 Bf5 6. Bd3 Bxd3 7. Qxd3 Nbd7 8. Nf3
Qc7 9. b4 e5 10. Nxe5 Nxe5 11. dxe5 Qxe5 12. Qd4 Qf5 13. O-O Be7 14. Bb2 O-O
15. Rad1 Rad8 16. Qd3 Qg4 17. a3 Rfe8 18. Qe2 Qh4 19. Rd4 Qh6 20. Rfd1 Qg6 21.
Qd3 Qxd3 22. R4xd3 Ne4 23. Nxe4 $11 dxe4 24. Rxd8 Rxd8 25. Rxd8+ Bxd8 26. Kf1
f5 27. Ke2 Kf7 28. Bc3 g5 29. h3 h5 30. Bd4 Ke6 31. Kd2 g4 32. hxg4 fxg4 33.
Ke2 h4 34. a4 Kd5 35. b5 axb5 36. axb5 cxb5 37. Kf1 b4 38. Ke2 h3 39. gxh3 gxh3
40. Kf1 b3 41. Kg1 Bc7 42. Kf1 Kc4 43. Kg1 Kd3 44. Bf6 Kc2 45. Be7 b2 46. Bd6
b1=Q+ 47. Kh2 Qf1 0-1

[Event "SC Hansa Dortmund 2 - Weiße Dame Borbec"]
[Site "Verbandsliga - Gruppe 2 2021/"]
[Date "2022.05.29"]
[Round "5.5"]
[White "Mundil, Uwe"]
[Black "Cardos Rodríguez, Javier"]
[Result "1-0"]
[WhiteElo "2018"]
[BlackElo "1371"]
[PlyCount "59"]
[EventDate "2022.??.??"]
[WhiteTeam "Weiße Dame Borbeck 1"]
[BlackTeam "SC Hansa Dortmund 2"]

1. e4 e6 2. d4 d5 3. e5 c5 4. c3 Nc6 5. Nf3 Qb6 6. Bd3 cxd4 7. cxd4 Bd7 8. O-O
Nge7 9. Nc3 Nf5 10. Bxf5 exf5 11. Nxd5 Qa5 12. Nc3 Bb4 13. Bd2 Be6 14. a3 Bxc3
15. bxc3 Bc4 16. Re1 O-O 17. Qb1 Qc7 18. Qxf5 Ne7 19. Qc2 Rac8 20. Ng5 Ng6 21.
f4 h6 22. Ne4 Bd5 23. Nd6 Nh4 24. Re2 Qc6 25. Be1 Ng6 26. Qd2 Rc7 27. f5 Ne7
28. f6 Ng6 29. fxg7 Kxg7 30. Nf5+ 1-0

[Event "SV Rot-Weiß-Altenessen 1 - SG Mengede 1"]
[Site "Verbandsklasse - Gruppe 1 202"]
[Date "2022.05.29"]
[Round "5.1"]
[White "Borgschulze, Maik"]
[Black "Praß, Marian"]
[Result "1-0"]
[WhiteElo "2130"]
[BlackElo "2010"]
[PlyCount "71"]
[EventDate "2022.??.??"]
[WhiteTeam "SG Mengede 1"]
[BlackTeam "SV Rot-Weiß-Altenessen 1"]

1. d4 Nf6 2. c4 g6 3. Nc3 c5 4. d5 Bg7 5. e4 d6 6. Nf3 O-O 7. Be2 e6 8. O-O
exd5 9. cxd5 a6 10. a4 Bg4 11. h3 Bxf3 12. Bxf3 Nbd7 13. Bf4 Ne8 14. Qd2 Qe7
15. Rfe1 Nc7 16. Be2 Rab8 17. Bf1 Rfc8 18. Bg3 b5 19. axb5 axb5 20. e5 Nxe5 21.
f4 b4 22. Nd1 Bh6 23. Qf2 Nxd5 24. fxe5 dxe5 25. Rxe5 Qd7 26. Bc4 Nb6 27. Ba6
Bg7 28. Bxc8 Rxc8 29. Ne3 Qd4 30. Rd1 Bxe5 31. Rxd4 Bxd4 32. Qf3 Nc4 33. Bf2
Nxb2 34. Nd5 Re8 35. Bxd4 Re1+ 36. Kf2 1-0

[Event "SV Rot-Weiß-Altenessen 1 - SG Mengede 1"]
[Site "Verbandsklasse - Gruppe 1 202"]
[Date "2022.05.29"]
[Round "5.2"]
[White "Rohloff, Markus"]
[Black "Delvos, Thorsten"]
[Result "1/2-1/2"]
[WhiteElo "1897"]
[BlackElo "1989"]
[PlyCount "43"]
[EventDate "2022.??.??"]
[WhiteTeam "SV Rot-Weiß-Altenessen 1"]
[BlackTeam "SG Mengede 1"]

1. e4 c5 2. Nf3 Nc6 3. d4 cxd4 4. Nxd4 Nf6 5. Nc3 e5 6. Ndb5 d6 7. Bg5 a6 8.
Bxf6 gxf6 9. Na3 b5 10. Nd5 Bg7 11. c4 f5 12. cxb5 Nd4 13. b6 O-O 14. Bc4 fxe4
15. Nc2 Kh8 16. Nxd4 exd4 17. Qb3 Rb8 18. a4 a5 19. Qb5 Be6 20. Qxa5 Bxd5 21.
Qxd5 Qxb6 22. O-O 1/2-1/2

[Event "SV Rot-Weiß-Altenessen 1 - SG Mengede 1"]
[Site "Verbandsklasse - Gruppe 1 202"]
[Date "2022.05.29"]
[Round "5.3"]
[White "Bork, Sophie"]
[Black "Kordonowski, Frank"]
[Result "1-0"]
[WhiteElo "1885"]
[BlackElo "1955"]
[PlyCount "119"]
[EventDate "2022.??.??"]
[WhiteTeam "SG Mengede 1"]
[BlackTeam "SV Rot-Weiß-Altenessen 1"]

1. e4 Nc6 2. Nf3 e5 3. Bc4 Be7 4. a4 Nf6 5. d3 d6 6. Nbd2 O-O 7. Nf1 d5 8. exd5
Nxd5 9. Ng3 Be6 10. O-O g6 11. Bh6 Re8 12. Re1 Bf6 13. Ne4 Na5 14. Ba2 Nf4 15.
Qd2 Bxa2 16. Rxa2 Nc6 17. Bxf4 exf4 18. Qxf4 Bg7 19. Neg5 Rxe1+ 20. Nxe1 Qe7
21. Qe3 Qxe3 22. fxe3 Bh6 23. h4 Re8 24. Kf2 f6 25. Ne4 Kf7 26. c3 Ne5 27. Ke2
Ng4 28. Nc2 f5 29. Ng5+ Bxg5 30. hxg5 Nxe3 31. Nxe3 f4 32. Kf3 Rxe3+ 33. Kxf4
Rxd3 34. Ra1 Rd2 35. Rh1 Kg7 36. Re1 Kf7 37. Rh1 Rxg2 38. Rxh7+ Ke6 39. Rxc7
Rxb2 40. Rg7 Rf2+ 41. Ke3 Ra2 42. Rxg6+ Kf7 43. Rf6+ Kg7 44. Rf4 Kg6 45. Rg4
Ra1 46. Rb4 Kxg5 47. Rxb7 Rxa4 48. Rf7 Kg6 49. Rf8 Kg7 50. Rf1 Kg6 51. Kd3 Kg5
52. c4 a5 53. c5 Ra3+ 54. Kc4 Ra2 55. Kb3 Re2 56. Rc1 Kf6 57. c6 Re8 58. Ka4
Rc8 59. Kxa5 Ke7 60. Kb6 1-0

[Event "SV Rot-Weiß-Altenessen 1 - SG Mengede 1"]
[Site "Verbandsklasse - Gruppe 1 202"]
[Date "2022.05.29"]
[Round "5.4"]
[White "Cavasin, Joerg"]
[Black "Weinert, Christian"]
[Result "1/2-1/2"]
[WhiteElo "1861"]
[BlackElo "1940"]
[PlyCount "81"]
[EventDate "2022.??.??"]
[WhiteTeam "SV Rot-Weiß-Altenessen 1"]
[BlackTeam "SG Mengede 1"]

1. c4 Nf6 2. Nc3 g6 3. Nf3 Bg7 4. e4 d6 5. d4 O-O 6. Be2 e5 7. d5 Nbd7 8. O-O
Nc5 9. Qc2 a5 10. Rb1 Ne8 11. Be3 f5 12. Bxc5 dxc5 13. a3 Nd6 14. b4 axb4 15.
axb4 Nxe4 16. Nxe4 fxe4 17. Nd2 e3 18. fxe3 Rxf1+ 19. Bxf1 cxb4 20. Rxb4 Qg5
21. e4 Qe3+ 22. Kh1 Ra1 23. Rb1 Rxb1 24. Nxb1 Qe1 25. Qd3 Bf8 26. Nd2 Bg4 27.
Nf3 Bxf3 28. gxf3 Bc5 29. Qe2 Qh4 30. Qg2 Kg7 31. Qg4 Qxg4 32. fxg4 Kh6 33. Kg2
g5 34. Kf3 Kg6 35. h3 Kf6 36. Ke2 Ke7 37. Kd3 Kf6 38. Be2 Ke7 39. Bd1 Kd6 40.
Be2 Bb6 41. Bf3 1/2-1/2

[Event "SV Rot-Weiß-Altenessen 1 - SG Mengede 1"]
[Site "Verbandsklasse - Gruppe 1 202"]
[Date "2022.05.29"]
[Round "5.5"]
[White "Kraus, Reinhard"]
[Black "Drawe, Thomas"]
[Result "1-0"]
[WhiteElo "1785"]
[BlackElo "1813"]
[PlyCount "73"]
[EventDate "2022.??.??"]
[WhiteTeam "SG Mengede 1"]
[BlackTeam "SV Rot-Weiß-Altenessen 1"]

1. c4 Nf6 2. g3 g6 3. Bg2 Bg7 4. Nc3 O-O 5. e4 d6 6. Nge2 c5 7. d3 Nc6 8. O-O
a6 9. h3 Rb8 10. a4 Bd7 11. Kh2 Nd4 12. Nxd4 cxd4 13. Nd5 Nxd5 14. exd5 e5 15.
b4 b6 16. Ba3 Re8 17. Rb1 Bf8 18. f4 f5 19. fxe5 dxe5 20. c5 bxc5 21. bxc5 Rxb1
22. Qxb1 Bxa4 23. d6 Bb5 24. Qb3+ Kg7 25. Re1 Qa5 26. Bb4 Qa4 27. Qxa4 Bxa4 28.
c6 Bxc6 29. Bxc6 Rd8 30. Rxe5 Bxd6 31. Rd5 Bc7 32. Bc5 Rxd5 33. Bxd5 Be5 34.
Bc4 a5 35. Bb5 f4 36. g4 Kf6 37. Kg2 1-0

[Event "SV Rot-Weiß-Altenessen 1 - SG Mengede 1"]
[Site "Verbandsklasse - Gruppe 1 202"]
[Date "2022.05.29"]
[Round "5.6"]
[White "Neugebauer, Thomas"]
[Black "Schmidt, Jonas"]
[Result "1-0"]
[WhiteElo "1830"]
[BlackElo "1733"]
[PlyCount "81"]
[EventDate "2022.??.??"]
[WhiteTeam "SV Rot-Weiß-Altenessen 1"]
[BlackTeam "SG Mengede 1"]

1. e4 c6 2. d4 d5 3. e5 c5 4. c3 Nc6 5. h3 Bf5 6. Nf3 e6 7. a3 a5 8. Bd3 Nge7
9. O-O cxd4 10. cxd4 Qb6 11. Nc3 Bxd3 12. Qxd3 Nf5 13. Be3 Be7 14. Rab1 O-O 15.
Rfd1 f6 16. Nxd5 Qd8 17. Nxe7+ Ncxe7 18. exf6 Rxf6 19. Bg5 Rg6 20. Bxe7 Nxe7
21. Ne5 Rg5 22. Qf3 Qd5 23. Qxd5 exd5 24. Rbc1 Nf5 25. Nf3 Rg6 26. Rc5 Rd6 27.
Rdc1 b6 28. Rc8+ Rxc8 29. Rxc8+ Kf7 30. g4 Ne7 31. Ne5+ Ke6 32. Rc7 h6 33. f4
g5 34. f5+ Kf6 35. Nd7+ Kf7 36. f6 Ng8 37. Nxb6+ Kxf6 38. Nd7+ Ke7 39. Nc5+ Kd8
40. Rg7 Ne7 41. Nb7+ 1-0

[Event "SV Rot-Weiß-Altenessen 1 - SG Mengede 1"]
[Site "Verbandsklasse - Gruppe 1 202"]
[Date "2022.05.29"]
[Round "5.8"]
[White "Kuhn, Manfred"]
[Black "Ropel, Dennis"]
[Result "1-0"]
[WhiteElo "2008"]
[BlackElo "1737"]
[PlyCount "141"]
[EventDate "2022.??.??"]
[WhiteTeam "SV Rot-Weiß-Altenessen 1"]
[BlackTeam "SG Mengede 1"]

1. d4 Nf6 2. Bf4 g6 3. Nc3 d5 4. Nf3 Bg7 5. Qd2 h6 6. h3 c6 7. O-O-O Bf5 8. Ne5
Nbd7 9. f3 Nxe5 10. Bxe5 b5 11. g4 Be6 12. Kb1 a5 13. e3 Qb6 14. Bd3 a4 15. a3
b4 16. axb4 Qxb4 17. Nb5 Qxd2 18. Nc7+ Kd7 19. Rxd2 Ra7 20. Na6 g5 21. Nb8+
Rxb8 22. Bxb8 Rb7 23. Be5 c5 24. c3 Kc6 25. Kc2 Bd7 26. Ra1 c4 27. Bf1 Kb6 28.
Rh2 Ne8 29. Bxg7 Nxg7 30. h4 f6 31. hxg5 hxg5 32. Rh7 Ne8 33. Kc1 Bc6 34. Bg2
Nd6 35. Kc2 Ra7 36. f4 gxf4 37. exf4 Bd7 38. Bf3 Be8 39. Kd2 Bg6 40. Rh6 Ne4+
41. Bxe4 Bxe4 42. g5 Kb5 43. gxf6 exf6 44. Rxf6 Rg7 45. Re1 Rg2+ 46. Re2 Rg1
47. Rxe4 dxe4 48. Re6 Rg2+ 49. Kc1 Re2 50. f5 a3 51. bxa3 Ka4 52. Rb6 Rf2 53.
f6 Kxa3 54. Kd1 e3 55. Ke1 Ka2 56. Rb4 Rxf6 57. Ke2 Re6 58. Rxc4 Kb3 59. Rc8
Ka4 60. d5 Re7 61. c4 Ka5 62. d6 Rd7 63. c5 Ka6 64. Rb8 Ka7 65. Rb3 Ka6 66.
Kxe3 Ka7 67. Ke4 Ka8 68. Kd5 Rh7 69. Kc6 Rb7 70. Ra3+ Kb8 71. Rh3 1-0

[Event "Oberhausener SV 2 - FS Dortmund 1"]
[Site "Verbandsklasse - Gruppe 1 202"]
[Date "2022.05.29"]
[Round "5.1"]
[White "Khess, Igor"]
[Black "Krueger, André"]
[Result "1/2-1/2"]
[WhiteElo "1969"]
[BlackElo "1957"]
[PlyCount "65"]
[EventDate "2022.??.??"]
[WhiteTeam "FS Dortmund 1"]
[BlackTeam "Oberhausener SV 2"]

1. b3 e5 2. Bb2 Nc6 3. e3 Nf6 4. Ne2 d5 5. d3 d4 6. e4 Be6 7. g3 Nd7 8. Bg2 Bc5
9. Nd2 Qe7 10. a3 a5 11. O-O Rd8 12. h3 O-O 13. Qe1 f6 14. Nc4 b6 15. f4 g5 16.
f5 Bf7 17. Bf3 Ra8 18. h4 h6 19. hxg5 hxg5 20. Kg2 b5 21. Nd2 b4 22. a4 Kg7 23.
Rh1 Rh8 24. Qf2 Rag8 25. Rxh8 Rxh8 26. Rh1 Qf8 27. Qg1 Qg8 28. Bg4 Rxh1 29.
Qxh1 Qh7 30. Qxh7+ Kxh7 31. Ng1 Kh6 32. Nh3 Be7 33. Kf2 1/2-1/2

[Event "Oberhausener SV 2 - FS Dortmund 1"]
[Site "Verbandsklasse - Gruppe 1 202"]
[Date "2022.05.29"]
[Round "5.3"]
[White "Grube, Joerg"]
[Black "Stefaniak, Christian"]
[Result "0-1"]
[WhiteElo "1853"]
[BlackElo "1863"]
[PlyCount "38"]
[EventDate "2022.??.??"]
[WhiteTeam "FS Dortmund 1"]
[BlackTeam "Oberhausener SV 2"]

1. e4 e6 2. e5 d5 3. exd6 cxd6 4. b3 Nf6 5. Bb2 Be7 6. f4 Nc6 7. Nf3 O-O 8. Bd3
Re8 9. O-O Nb4 10. Be2 Qb6+ 11. Kh1 Ne4 12. a3 Nc6 13. Qe1 Nf6 14. Nc3 Bd7 15.
Qg3 Nh5 16. Qg4 g6 17. Nd5 exd5 18. Qxd7 Nxf4 19. Rae1 Ne6 0-1

[Event "Oberhausener SV 2 - FS Dortmund 1"]
[Site "Verbandsklasse - Gruppe 1 202"]
[Date "2022.05.29"]
[Round "5.4"]
[White "Kraus, Kilian"]
[Black "Brendemuehl, Bernd"]
[Result "0-1"]
[WhiteElo "1851"]
[BlackElo "1944"]
[PlyCount "74"]
[EventDate "2022.??.??"]
[WhiteTeam "Oberhausener SV 2"]
[BlackTeam "FS Dortmund 1"]

1. d4 e6 2. c4 f5 3. Nc3 d5 4. e3 Nf6 5. Bd3 c6 6. Nge2 Bd6 7. O-O O-O 8. f3
Nbd7 9. e4 dxe4 10. fxe4 fxe4 11. Nxe4 Nxe4 12. Rxf8+ Nxf8 13. Bxe4 Qh4 14. Bf3
Bxh2+ 15. Kf1 Ng6 16. Be3 Bc7 17. Qc1 Qe7 18. Nc3 Bd7 19. Qd2 Rf8 20. Ke2 Nf4+
21. Kd1 Be8 22. Kc2 Bg6+ 23. Be4 Qg5 24. Bxg6 Qxg6+ 25. Kb3 e5 26. d5 Rd8 27.
Rd1 cxd5 28. Nxd5 Nxd5 29. cxd5 Qg3 30. Qc3 Ba5 31. Qd3 Qxg2 32. Bxa7 e4 33.
Qc4 Qf3+ 34. Kc2 b5 35. Qxb5 Rc8+ 36. Bc5 Qf2+ 37. Kb1 Qxc5 0-1

[Event "Oberhausener SV 2 - FS Dortmund 1"]
[Site "Verbandsklasse - Gruppe 1 202"]
[Date "2022.05.29"]
[Round "5.5"]
[White "Schulz-Runge, Michael"]
[Black "Matzat, Andre"]
[Result "0-1"]
[WhiteElo "1880"]
[BlackElo "2023"]
[PlyCount "80"]
[EventDate "2022.??.??"]
[WhiteTeam "FS Dortmund 1"]
[BlackTeam "Oberhausener SV 2"]

1. c4 c5 2. g3 Nc6 3. Bg2 g6 4. d3 Bg7 5. Nc3 d6 6. Bd2 e5 7. Nf3 Nge7 8. O-O
O-O 9. Rb1 Rb8 10. a3 a5 11. Nb5 d5 12. cxd5 Nxd5 13. Ng5 b6 14. Qb3 Nde7 15.
Rfe1 h6 16. Ne4 Be6 17. Qd1 Nd4 18. Nxd4 cxd4 19. f4 f5 20. Bh3 Qd7 21. Nf2 a4
22. Bb4 exf4 23. gxf4 Rfe8 24. Bxe7 Rxe7 25. Rc1 Bf6 26. Bg2 Bb3 27. Qd2 Bd5
28. Rc7 Qxc7 29. Bxd5+ Kg7 30. Rc1 Qd6 31. Bg2 Rc7 32. Rxc7+ Qxc7 33. Qb4 Qc1+
34. Bf1 Qxf4 35. Bg2 Rc8 36. Nd1 Rc1 37. Qxa4 h5 38. Bf3 Qd2 39. e3 dxe3 40.
Qd7+ Kh6 0-1

[Event "Oberhausener SV 2 - FS Dortmund 1"]
[Site "Verbandsklasse - Gruppe 1 202"]
[Date "2022.05.29"]
[Round "5.6"]
[White "Akcapinar, Yavuz"]
[Black "Schlaeger, Reiner"]
[Result "1-0"]
[WhiteElo "1764"]
[BlackElo "1579"]
[PlyCount "45"]
[EventDate "2022.??.??"]
[WhiteTeam "Oberhausener SV 2"]
[BlackTeam "FS Dortmund 1"]

1. e4 e5 2. Nf3 Nc6 3. Bc4 Bc5 4. O-O Nf6 5. d3 d6 6. h3 Na5 7. Nbd2 Nxc4 8.
Nxc4 Be6 9. Ne3 Qd7 10. a4 h6 11. c3 Bxe3 12. Bxe3 g5 13. Nh2 g4 14. h4 g3 15.
fxg3 Rg8 16. Rxf6 Rxg3 17. Qe1 Rg8 18. Bxh6 Bh3 19. Bg5 Be6 20. d4 exd4 21.
cxd4 O-O-O 22. Qd1 Rde8 23. d5 1-0

[Event "Oberhausener SV 2 - FS Dortmund 1"]
[Site "Verbandsklasse - Gruppe 1 202"]
[Date "2022.05.29"]
[Round "5.7"]
[White "Buedel, Juergen"]
[Black "Hombrecher, Kai"]
[Result "0-1"]
[WhiteElo "1521"]
[BlackElo "1779"]
[PlyCount "66"]
[EventDate "2022.??.??"]
[WhiteTeam "FS Dortmund 1"]
[BlackTeam "Oberhausener SV 2"]

1. e4 c6 2. d4 d5 3. e5 Bf5 4. Bd3 Bxd3 5. Qxd3 e6 6. Nf3 Ne7 7. Nbd2 Nd7 8.
Nf1 c5 9. c3 Nc6 10. Ng3 cxd4 11. cxd4 Rc8 12. O-O Qb6 13. Be3 Be7 14. Rfc1 O-O
15. h4 f6 16. exf6 Bxf6 17. Nh5 Qd8 18. Ng5 Bxg5 19. Bxg5 Qe8 20. Ng3 Qf7 21.
Rf1 h6 22. Bd2 Qf6 23. Bc3 Qxh4 24. Rae1 Rce8 25. Ne2 Rf5 26. Qg3 Qf6 27. f4
Qf7 28. Qe3 Rf8 29. g4 Qg6 30. Qh3 R5f7 31. Rf2 Nf6 32. Rg2 Ne4 33. Rf1 Ng5 0-1